000 01115cam a2200133 4500500
005 20260405065604.0
041 _afre
042 _adc
100 1 0 _aGellereau, Michèle
_eauthor
245 0 0 _aLes mises en scène de la visite guidée
260 _bL'Harmattan,
_c2005.
520 _aQuel rôle spécifique jouent les guides pour faire vivre les lieux culturels ? Quelle place prennent-ils dans un dispositif plus global d’accompagnement ? Au-delà des pratiques de visite, cet ouvrage s’intéresse au rôle de la narration dans le partage des connaissances et dans le problème anthropologique et culturel de la construction des identités culturelles. Une des spécificités du récit «incarné» de la visite guidée n’est-elle pas la prise en compte du visiteur dans le discours du guide, le partage émotionnel et la rencontre dans la construction d’un «monde commun» où l’interprétation des lieux se construit à plusieurs ?
856 4 1 _uhttps://shs.cairn.info/les-mises-en-scene-de-la-visite-guidee--9782747580298?lang=fr&redirect-ssocas=7080
999 _c2197094
_d2197094